|
|
|
|
| LEADER |
00000nab#a22000007a#4500 |
| 001 |
arbauad029756 |
| 003 |
AR-BaUAD |
| 005 |
20250711112414.0 |
| 008 |
980204|||||||||###||||||b###|0###a|spa|| |
| 040 |
|
|
|a AR-BaUAD
|c AR-BaUAD
|b spa
|
| 100 |
|
|
|a Heller, Steven
|
| 245 |
|
|
|a Back talk :
|b Johanna Drucker, Art and Design Theorist /
|c Steven Heller;
|
| 500 |
|
|
|a Entrevista a Johanna Drucker, teórica del arte y el diseño.
|
| 653 |
|
|
|a DISEÑO GRAFICO
|
| 653 |
|
|
|a TEORIA
|
| 653 |
|
|
|a DRUCKER, JOHANNA
|
| 653 |
|
|
|a ARTE
|
| 773 |
0 |
|
|t PRINT
|g vol. 51, no. 6 [nov.-dic. 1997], p. 30-34
|
| 942 |
|
|
|c ARTI
|
| 952 |
|
|
|0 0
|1 0
|4 0
|7 0
|9 74675
|a AR-BAuAD
|b AR-BAuAD
|d 2025-07-11
|l 0
|p AAQA029756
|r 2025-07-11 11:24:14
|w 2025-07-11
|y ARTI
|
| 990 |
|
|
|a DG199
|b TD
|
| 998 |
|
|
|a AAQ
|b BIBUN76
|
| 999 |
|
|
|c 54348
|d 54348
|